Statistics for business and financial economics
שמור ב:
| מחבר ראשי: | |
|---|---|
| פורמט: | Sách |
| שפה: | Undetermined |
| יצא לאור: |
World Scientific
2000
|
| נושאים: | |
| תגים: |
הוספת תג
אין תגיות, היה/י הראשונ/ה לתייג את הרשומה!
|
| Thư viện lưu trữ: | Trung tâm Thư viện - Trường Đại học Công nghiệp TP. Hồ Chí Minh |
|---|
| LEADER | 00520nam a2200157Ia 4500 | ||
|---|---|---|---|
| 001 | UIH_07684 | ||
| 008 | 231011s9999 xx 000 0 und d | ||
| 082 | |a 519.5 | ||
| 100 | |a Lee,Cheng F | ||
| 245 | 0 | |a Statistics for business and financial economics | |
| 245 | 0 | |c Lee,Cheng F | |
| 260 | |b World Scientific | ||
| 260 | |c 2000 | ||
| 650 | |a Commercial statistics; Thống kê thương mại; | ||
| 927 | |a Sách | ||
| 980 | |a Trung tâm Thư viện - Trường Đại học Công nghiệp TP. Hồ Chí Minh | ||